| 000 | 01373nam a22002771i 4500 | ||
|---|---|---|---|
| 001 | 78635 | ||
| 003 | BD-RjUL | ||
| 005 | 20211209083145.0 | ||
| 008 | 211025s 1937le b 00010 arax | ||
| 020 | _c£E4.00 | ||
| 035 | _a(BD-RjUL)78861 | ||
| 040 |
_cNN _dNN _dUkOxU _aBD-RjUL _beng |
||
| 041 | _aara | ||
| 082 |
_223 _a892.71 _bMAT 1937 |
||
| 100 |
_aميموني, عبد العزيز;; Maimani , Abdul Aziz , _9249331 |
||
| 245 | 0 | 3 |
_aالطرائف الأدبية ;; al-Ṭarāʼif al-adabīyah / _cصححه وخرجه وعارضه على النسخ المختلفة وذيله عبد العزيز الميمني.;; ṣaḥḥaḥahu wa-kharrajahu wa-ʿāraḍahu ʿalá al-nusakh al-mukhtalifah wa-dhayyalahu ʿAbd al-ʿAzīz al-Maymanī. |
| 260 |
_6880-02 _aBayrūt : _bDār al-Kutub al-ʿIlmīyah, _c[197-?] |
||
| 300 |
_a4, 305 p. ; _c25 cm. |
||
| 500 | _aReprint. Originally published : Cairo, 1937. | ||
| 504 | _aIncludes bibliographical references. | ||
| 650 | 0 |
_aArabic poetry. _9249332 |
|
| 880 | 0 | 2 |
_6245-01/(3/r _aالطرائف الأدبية / _cصححه وخرجه وعارضه على النسخ المختلفة وذيله عبد العزيز الميمني. |
| 880 |
_6260-02/(3/r _aبيروت : _bدار الکتب العلمية، _c[-٧٩١؟] |
||
| 880 | 1 |
_6700-03/(3/r _aراجکوتي، عبد العزيز الميمني. |
|
| 942 |
_2ddc _cBK |
||
| 999 |
_c78635 _d78635 |
||